APL: The Language and its usage

Enregistré dans:
Détails bibliographiques
Auteurs principaux: Polivka, Raymond P. (Auteur), Pakin, Sandra (Auteur)
Format: Livre
Langue:anglais
Publié: Englewood : Prentice Hall, 1975
Tags: Ajouter un tag
Pas de tags, Soyez le premier à ajouter un tag!

MARC

LEADER 00000nam a22000003a 4500
001 stu267055
005 20150617230220.2
008 130522s1975----xxu-----------------eng-d
020 |a 0-13-038885-8 
040 |a STU  |b slo 
041 0 |a eng 
044 |a xxu 
100 1 |a Polivka, Raymond P.  |4 aut 
245 1 |a APL: The Language and its usage 
260 |a Englewood :  |b Prentice Hall,  |c 1975 
700 1 |a Pakin, Sandra  |4 aut 
996 |b 284IQ00017  |c I*16PJ2232  |l I  |s A  |a 24  |w stu267055_0001